000 00610cam a2200193 4500
005 20260213130957.0
008 090507s1996 ag 000 0 spa u
020 _a9509385611
050 0 4 _aKHA1962.B34
_bL58 1996
100 1 _aLivellara, Carlos Alberto
245 1 0 _aRégimen laboral bancario
_c / Carlos Alberto Livellara
250 _a1a ed.
260 _aBuenos Aires :
_bEdiciones Ciudad Argentina,
_c1996
300 _a564 p. ;
_c20 cm.
490 0 _aMonografías Jurídicas
504 _aBibliografía : páginas 529-551
650 7 _2lemb
_aEmpleados bancarios
_zArgentina
942 _2lcc
_cLIB
999 _c137495
_d137493